000 00310nam a22001331a 4500
999 _c157019
_d157019
082 _aM3
_bVSI/T
100 _aV S Idaykidam
245 _aThushagni/
_cby V S Idaykidam.
260 _a
_bVidhyarthi,
_c
650 _aNovel Malayalam
650 _aLiterature Malayalam
650 _aLiterature
942 _cBK